Odpowiedź zaczyna się na D - Statystyki

Ogólne statystyki
  • Ten quiz został rozwiązany 144 razy
  • Średni wynik to 9 z 15
Statystyki odpowiedzi
Opis Odpowiedź % Poprawnych
Morski ssak z rodziny waleni, znany z inteligencji i umiejętności wykonywania akrobacji. Delfin
98%
Choroba zakaźna spowodowana przez bakterię Yersinia pestis, znana z historycznych pandemii. Dżuma
89%
Niższy teren ograniczony wzgórzami lub górami, często tworzący naturalną przestrzeń. Dolina
88%
Dziki pies występujący w Australii i Azji Południowo-Wschodniej. Dingo
83%
Angielski pisarz i autor takich klasycznych dzieł literatury jak "Opowieść wigilijna" i "Wielkie nadzieje" - nazwisko Dickens
82%
Graficzna reprezentacja pokrewieństwa między członkami rodziny, ukazująca ich powiązania i pochodzenie. Drzewo genealogiczne
79%
Hiszpański surrealistyczny artysta, znany z niezwykłych obrazów, takich jak "Trwałość pamięci" z topiącymi się zegarami - nazwisko Dali
64%
Amerykański aktor, znany z ról w filmach takich jak "Piraci z Karaibów" i "Edward Nożycoręki" - nazwisko Depp
58%
Państwo w Afryce Wschodniej, zlokalizowane na wybrzeżu Morza Czerwonego, które ma strategiczne znaczenie dla handlu morskiego. Dżibuti
55%
Kwiatowa roślina ogrodowa, charakteryzująca się dzwonkowatymi kwiatami. Dzwonek
38%
Miasto w Stanach Zjednoczonych, dawna stolica motoryzacji, znane z przemysłu samochodowego i muzyki. Detroit
36%
Charakterystyczny ssak, występujący w Australii, znanym ze swojego agresywnego zachowania. Diabeł tasmański
35%
Urządzenie przekształcające energię mechaniczną na elektryczną lub odwrotnie. Dynamo
32%
Precyzja i zgodność z prawdą, ważna cecha w badaniach, pomiarach i komunikacji. Dokładność
29%
Roślina z rodziny astrowatych, która jest używana jako roślina lecznicza. Dukat
0%
Nie znaleziono quizów pasujących do podanych kryteriów
Rozkład punktacji
Procent ludzi z każdym wynikiem
Percentyl według liczby udzielonych odpowiedzi
Twoja historia wyników
Nie rozwiązałeś tego quizu